Biely džez

Bibliographic Details
Main Author: Ellroy, James, 1948- (Author)
Other Authors: Frank, Patrick, 1967- (Translator)
Format: Book
Language:Slovak
English
PhysicalDescription:383 s. 21 cm
Published: Bratislava Ikar 2010
ISBN:9788055118666
Edition:[1. vyd.]
Subjects:

MARC

LEADER 00000cam a2200000 a 4500
001 vtls010192084
003 SK-MaSNL
005 20260301031259.0
008 240314s2010 xo g 000 f slo
015 |a SNBA2011/06-03328 
020 |a 9788055118666  |q (viaz.) 
035 |a B9556598-859A-4C10-B1FA-8231285A3816 
035 |a urn:nbn:sk:snk-amle23 
035 |a urn:nbn:sk:snk-am008zgy 
040 |a SNK  |b slo  |c SNK  |e AACR2 
041 1 |a slo  |h eng 
044 |a xo  |c SK 
072 7 |a 821.111(73)-3  |x Americká próza  |2 konspekt 
080 |a 821.111(73)-31  |2 2001 
080 |a (0:82-312.4)  |2 2001 
100 1 |a Ellroy, James,  |d 1948-  |4 aut  |9 326492 
240 1 0 |a White jazz  |l Slovensky 
245 1 0 |a Biely džez  |c James Ellroy ; [z anglického originálu preložil Patrick Frank] 
250 |a [1. vyd.] 
260 |a Bratislava  |b Ikar  |c 2010 
300 |a 383 s.  |c 21 cm 
655 7 |a americké romány  |2 SNKPH  |9 1174 
655 7 |a detektívne romány  |2 SNKPH  |9 70455 
700 1 |a Frank, Patrick,  |d 1967-  |4 trl  |9 194015 
919 |a 978-80-551-1866-6 
958 |a LX 
958 |a UP 
968 |b ENG  |d 821 
999 |c 576325  |d 578255 
952 |a SNK  |b SNK  |y PREZ  |7 0  |p 17A0681226  |o snkSC 143040  |i snk2010/26341  |8 0  |0 0  |1 0  |4 0  |d 2010-11-29  |l 0  |r 2025-07-10 00:00:00  |w 2026-02-23 
952 |a SNK  |b SNK  |y PREZ  |7 0  |p 17A0684063  |o snkSC 143040 D1  |i snk2010/28016  |8 0  |0 0  |1 0  |4 0  |d 2010-12-17  |f 1  |l 0  |r 2026-02-23 14:33:03  |w 2026-02-23